Biggest Cities in Random Regions - Statistics

General Stats
  • This quiz has been taken 2,233 times
  • The average score is 13 of 20
Answer Stats
group Population City % Correct
5,100,000 Accra
100%
3,800,000 Addis Ababa
100%
New Zealand 1,638,800 Auckland
100%
950,715 Austin
100%
Iraq 7,000,000 Baghdad
100%
4,775,000 Barcelona
100%
173,183 Basel
100%
19,800,000 Beijing
100%
Former Yugoslavia 1,166,763 Belgrade
100%
4,725,000 Berlin
100%
East Germany 3,644,826 Berlin
100%
134,542 Bern
100%
Gran Colombia 9,600,000 Bogota
100%
Romania 1,883,425 Bucharest
100%
Argentina 16,400,000 Buenos Aires
100%
North Africa 21,000,000 Cairo
100%
Nile River Basin 21,000,000 Cairo
100%
4,225,000 Cape Town
100%
9,750,000 Chicago
100%
Germany 5,000,000 Cologne / Dusseldorf
100%
1,085,664 Cologne / Dusseldorf
100%
3,725,000 Dakar
100%
1,341,075 Dallas
100%
554,649 Dresden
100%
Island of Ireland 553,165 Dublin
100%
753,056 Frankfurt
100%
203,909 Geneva
100%
West Germany 1,841,179 Hamburg
100%
16,000,000 Istanbul
100%
Southern Africa 13,900,000 Johannesburg
100%
Ukraine 3,475,000 Kiev
100%
3,475,000 Kiev
100%
19,400,000 Lagos
100%
West Africa 19,400,000 Lagos
100%
587,857 Leipzig
100%
14,800,000 London
100%
17,700,000 Los Angeles
100%
Iberia 5,800,000 Madrid
100%
Mexico 23,000,000 Mexico City
100%
Italy 6,200,000 Milan
100%
4,225,000 Montreal
100%
Former USSR 17,300,000 Moscow
100%
Russia 17,300,000 Moscow
100%
Eastern Europe 17,300,000 Moscow
100%
On the Indian Ocean 25,100,000 Mumbai
100%
1,471,508 Munich
100%
5,900,000 Nairobi
100%
United States 22,100,000 New York
100%
Norway 693,494 Oslo
100%
1,028,514 Ottawa
100%
France 11,400,000 Paris
100%
11,400,000 Paris
100%
3,450,000 Rawalpindi / Islamabad
100%
Baltic States 632,614 Riga
100%
Arabian Peninsula 8,050,000 Riyadh
100%
3,575,000 Rome
100%
Chile 4,837,295 Santiago
100%
33,600,000 Shanghai
100%
Sweden 1,758,893 Stockholm
100%
434,562 Tallinn
100%
Iran 15,300,000 Tehran
100%
40,400,000 Tokyo
100%
Canada 7,450,000 Toronto
100%
Ontario 2,965,713 Toronto
100%
2,875,000 Vancouver
100%
Austria 1,911,728 Vienna
100%
On the Danube River 1,911,728 Vienna
100%
551,020 Vilnius
100%
418,500 Wellington
100%
Switzerland 420,097 Zurich
100%
3,475,000 Kiev
96%
3,471,000 Hanoi
95%
771,069 Krakow
95%
Oceania 5,300,000 Sydney
95%
Poland 1,777,972 Warsaw
95%
4,775,000 Barcelona
94%
336,610 Belfast
94%
3,150,000 Birmingham
94%
16,400,000 Buenos Aires
94%
Rust Belt 9,750,000 Chicago
94%
Denmark 591,481 Copenhagen
94%
Indian Subcontinent 30,300,000 Delhi
94%
498,050 Edinburgh
94%
Scotland 623,260 Glasgow
94%
1,640,000 Kharkiv
94%
16,800,000 Kolkata
94%
Peru 7,737,002 Lima
94%
1,880,000 Liverpool
94%
British Isles 14,800,000 London
94%
California 3,999,759 Los Angeles
94%
3,050,000 Manchester
94%
25,100,000 Mumbai
94%
1,110,000 Odessa
94%
693,494 Oslo
94%
13,200,000 Rio de Janeiro
94%
South America 22,400,000 Sao Paulo
94%
33,600,000 Shanghai
94%
Nordics 1,758,893 Stockholm
94%
5,800,000 Alexandria
93%
2,480,000 Amsterdam
93%
664,046 Athens
93%
7,000,000 Baghdad
93%
Colombia 9,600,000 Bogota
93%
432,864 Bratislava
93%
2,700,000 Brussels
93%
4,004,793 Cape Town
93%
China 46,700,000 Guangzhou
93%
Balkans 14,804,116 Istanbul
93%
Afghanistan 3,043,532 Kabul
93%
6,300,000 Khartoum
93%
Western Europe 14,800,000 London
93%
Greenland 17,984 Nuuk
93%
17,700,000 Osaka
93%
11,400,000 Paris
93%
Former Czechoslovakia 1,308,632 Prague
93%
Coastal Brazil 13,200,000 Rio de Janeiro
93%
Benelux 3,250,000 Rotterdam
93%
Yangtze Delta 24,281,400 Shanghai
93%
Japan 40,400,000 Tokyo
93%
698,966 Zagreb
93%
On the Caspian Sea 1,229,100 Baku
92%
1,012,500 Bishkek
92%
Hungary 1,752,286 Budapest
92%
5,350,000 Dubai
92%
1,010,000 Florence
92%
651,014 Gothenburg
92%
2,475,000 Lisbon
92%
1,980,000 Lyon
92%
321,845 Malmo
92%
4,225,000 Naples
92%
1,136,008 Nur-Sultan
92%
1,540,000 Porto
92%
13,200,000 Rio de Janeiro
92%
5,650,000 Saint Petersburg
92%
Brazil 22,400,000 Sao Paulo
92%
Korean Peninsula 10,010,983 Seoul
92%
1,640,000 Turin
92%
Caucasus Countries 1,229,100 Baku
91%
1,752,286 Budapest
91%
3,250,000 Frankfurt
91%
2,875,000 Hamburg
91%
17,700,000 Los Angeles
91%
NATO Countries 22,100,000 New York
91%
5,650,000 Saint Petersburg
91%
1,140,700 Tbilisi
91%
2,250,000 Brazzaville
90%
Africa 21,000,000 Cairo
90%
Java 31,300,000 Jakarta
90%
12,400,000 Kinshasa
90%
The Congos 12,400,000 Kinshasa
90%
5,800,000 Alexandria
89%
Indochina 18,800,000 Bangkok
89%
4,475,000 Casablanca
89%
Morocco 4,475,000 Casablanca
89%
8,600,000 Ho Chi Minh City
89%
Vietnam 7,021,000 Ho Chi Minh City
89%
16,000,000 Istanbul
89%
13,000,000 Lahore
89%
4,975,000 Melbourne
89%
Mediterranean Islands 663,401 Palermo
89%
2,050,000 Rabat
89%
884,363 San Francisco
89%
Ring of Fire 40,400,000 Tokyo
89%
3,975,000 Algiers
88%
591,481 Copenhagen
88%
125,622 Cork
88%
5,750,000 Detroit
88%
Central America 3,150,000 Guatemala City
88%
653,835 Helsinki
88%
289,380 Kaunas
88%
139,344 Lausanne
88%
2,175,000 Leeds
88%
10,100,000 Lima
88%
390,128 New Orleans
88%
688,163 Zagreb
88%
1,273,651 Belgrade
87%
East Africa 6,450,000 Dar es Salaam
87%
3,661,911 Durban
87%
Florida 892,062 Jacksonville
87%
South Africa 9,167,045 Johannesburg
87%
463,347 Miami
87%
2,437,000 Pretoria
87%
155,031 Salzburg
87%
1,081,800 Yerevan
87%
Ottoman Empire 21,000,000 Cairo
86%
Texas 2,312,717 Houston
86%
4,025,000 Medellin
86%
1,511,946 San Antonio
86%
5,050,000 Ankara
85%
4,000,000 Brasilia
85%
Venezuela 3,750,000 Caracas
85%
Anatolia 16,000,000 Istanbul
85%
13,900,000 Johannesburg
85%
On the Gulf of Guinea 19,400,000 Lagos
85%
1,660,000 Marseille
85%
2,125,000 Mecca
85%
5,650,000 Saint Petersburg
85%
2,800,000 Sana'a
85%
3,975,000 Algiers
84%
1,410,000 Auckland
84%
7,000,000 Baghdad
83%
New England 694,784 Boston
83%
Middle East 21,000,000 Cairo
83%
Wales 351,884 Cardiff
83%
407,600 Christchurch
83%
1,440,000 Donetsk
83%
Finland 653,835 Helsinki
83%
Nigeria 19,400,000 Lagos
83%
4,025,000 Medellin
83%
8,050,000 Riyadh
83%
1,419,516 San Diego
83%
1,035,317 San Jose
83%
Central Asia 2,352,900 Tashkent
83%
15,300,000 Tehran
83%
1,840,000 Valencia
83%
1,500,000 Calgary
82%
1,370,000 Edmonton
82%
16,000,000 Istanbul
82%
14,800,000 London
82%
6,550,000 Madrid
82%
Europe 17,300,000 Moscow
82%
11,400,000 Paris
82%
283,929 Bergen
81%
9,600,000 Bogota
81%
1,670,000 Cordoba
81%
30,300,000 Delhi
81%
Asia 46,700,000 Guangzhou
81%
On the Mississippi River 647,374 Memphis
81%
4,225,000 Naples
81%
1,540,000 Panama City
81%
293,792 Saint Louis
81%
291,007 Graz
80%
8,150,000 Luanda
80%
280,257 Orlando
80%
3,850,000 Recife
80%
385,430 Tampa
80%
1,220,000 Antwerp
79%
3,150,000 Brisbane
79%
6,550,000 Madrid
79%
2,075,000 Perth
79%
3,200,000 Isfahan
78%
Pakistan 17,800,000 Karachi
78%
1,120,000 Marrakech
78%
5,100,000 Accra
77%
Prairie Provinces (CAN) 1,239,220 Calgary
77%
3,425,000 Durban
77%
932,546 Edmonton
77%
5,350,000 Guadalajara
77%
3,025,000 Izmir
77%
4,950,000 Jeddah
77%
758,845 La Paz
77%
4,125,000 Porto Alegre
77%
7,850,000 San Francisco
77%
2,375,000 Warsaw
77%
On the Mediterranean Sea 5,800,000 Alexandria
75%
1,916,782 Almaty
75%
Alberta 1,335,145 Calgary
75%
2,875,000 Cali
75%
20,200,000 Dhaka
75%
1,025,096 Edmonton
75%
31,300,000 Jakarta
75%
17,800,000 Karachi
75%
12,400,000 Kinshasa
75%
Sub-Saharan Africa 19,400,000 Lagos
75%
667,589 Portland
75%
2,581,076 Pyongyang
75%
2,375,000 San Jose
75%
1,900,000 San Salvador
75%
348,363 Sarajevo
75%
Pacific Northwest 766,893 Seattle
75%
631,486 Vancouver
75%
3,800,000 Addis Ababa
73%
1,166,763 Belgrade
73%
Queensland (AUS) 2,054,614 Brisbane
73%
380,681 Brno
73%
Roman Empire 21,000,000 Cairo
73%
Tanzania 4,364,541 Dar es Salaam
73%
131,989 Innsbruck
73%
16,000,000 Istanbul
73%
16,000,000 Istanbul
73%
3,525,000 Kampala
73%
17,800,000 Karachi
73%
1,650,000 Mogadishu
73%
3,600,000 Salvador
73%
2,400,000 Stuttgart
73%
7,000,000 Baghdad
72%
On the Black Sea 1,013,159 Odessa
72%
2,875,000 Cali
71%
3,075,000 Cleveland
71%
2,425,000 Doha
71%
On the Persian Gulf 5,350,000 Dubai
71%
874,168 Fort Worth
71%
16,400,000 Buenos Aires
70%
Brazilian Amazon Basin 2,145,444 Manaus
70%
23,000,000 Mexico City
70%
198,000 Aberdeen
69%
5,000,000 Belo Horizonte
69%
1,080,000 Bordeaux
69%
2,625,000 Budapest
69%
324,576 Cluj-Napoca
69%
651,014 Gothenburg
69%
Pearl River Delta 13,238,590 Guangzhou
69%
13,900,000 Johannesburg
69%
8,150,000 Luanda
69%
437,069 Minneapolis
69%
5,000,000 Monterrey
69%
1,730,000 Nizhny Novgorod
69%
237,011 Regina
69%
3,575,000 Rome
69%
Bolivia 1,442,396 Santa Cruz
69%
275,242 Saskatoon
69%
705,244 Winnipeg
69%
3,525,000 Abuja
67%
Horn of Africa 3,273,000 Addis Ababa
67%
154,267 Cagliari
67%
Fertile Crescent 21,000,000 Cairo
67%
British Commonwealth 30,300,000 Delhi
67%
Great Plains 3,750,000 Denver
67%
1,390,000 Dnipro
67%
527,438 Fresno
67%
3,575,000 Ibadan
67%
4,700,000 Kano
67%
4,700,000 Kano
67%
8,900,000 Kuala Lumpur
67%
Tibet 220,252 Lhasa
67%
10,500,000 Nagoya
67%
1,263,051 Port Elizabeth
67%
4,125,000 Porto Alegre
67%
1,770,000 Shiraz
67%
1,152,556 Sofia
67%
185,166 Swansea
67%
12,700,000 Tianjin
67%
827,500 Cancun
65%
5,800,000 Alexandria
64%
2,100,000 Barranquilla
64%
11,300,000 Chennai
64%
14,800,000 London
64%
6,200,000 Milan
64%
11,400,000 Paris
64%
634,830 Stuttgart
64%
6,450,000 Dar es Salaam
63%
85,050 Derry
63%
148,600 Dundee
63%
583,109 Essen
63%
79,504 Galway
63%
6,300,000 Khartoum
63%
286,197 Ljubljana
63%
1,320,000 Managua
63%
311,895 Saint Paul
63%
509,900 Skopje
63%
7,482,500 Hong Kong
62%
8,050,000 Riyadh
62%
12,313,714 Shenzhen
62%
282,448 Valparaiso
62%
8,550,000 Washington, D.C.
62%
5,600,000 Amman
61%
3,200,000 Mashhad
61%
397,474 Sevastopol
61%
7,900,000 Singapore
61%
6,950,000 Bandung
60%
2,131,480 Havana
60%
206,604 Linz
60%
875,978 Port-au-Prince
60%
Greater Antilles 2,581,827 Santo Domingo
60%
4,750,000 Kuwait
59%
3,459,840 Busan
58%
25,100,000 Mumbai
58%
2,100,000 Almaty
57%
10,360,000 Hangzhou
57%
8,505,500 Nanjing
57%
5,800,000 Alexandria
56%
311,584 Catania
56%
Ruhr Valley 587,010 Dortmund
56%
173,993 Heraklion
56%
8,150,000 Luanda
56%
25,700,000 Manila
56%
17,700,000 Osaka
56%
179,870 Providence
56%
1,370,000 Rosario
56%
205,163 Trondheim
56%
5,600,000 Yangon
56%
1,520,000 Basra
55%
685,285 Lodz
55%
640,648 Wroclaw
55%
5,600,000 Abidjan
54%
7,000,000 Baghdad
54%
2,075,000 Bursa
54%
632,013 Cochabamba
54%
5,100,000 Harbin
54%
1,290,000 Lille
54%
2,625,000 Maracaibo
54%
1,690,000 Novosibirsk
54%
3,175,000 Puebla
54%
15,300,000 Tehran
54%
330,639 Aarhus
53%
2,775,000 Cincinnati
53%
988,561 Da Nang
53%
3,675,000 Fortaleza
53%
540,559 Gold Coast
53%
1,990,000 Kansas City
53%
584,627 Kingston
53%
238,757 Kosice
53%
1,140,000 Oklahoma City
53%
10,000,000 Xiamen
53%
5,600,000 Abidjan
50%
283,872 Constanta
50%
20,200,000 Dhaka
50%
3,650,000 Faisalabad
50%
3,029,285 Incheon
50%
17,800,000 Karachi
50%
4,750,000 Kuwait City
50%
19,400,000 Lagos
50%
10,100,000 Lima
50%
Uttar Pradesh 2,817,105 Lucknow
50%
Spanish Empire 25,700,000 Manila
50%
205,489 Oulu
50%
1,820,000 Tabriz
50%
238,140 Tampere
50%
3,225,000 Tashkent
48%
391,190 Kandahar
47%
Yucatan Peninsula 872,300 Merida
47%
289,128 Ostrava
47%
263,255 Saint Petersburg
47%
1,740,000 Adana
46%
188,827 Aktau
46%
3,375,000 Douala
46%
574,263 Hamilton
46%
OPEC Countries 19,400,000 Lagos
46%
2,675,000 Lusaka
46%
166,049 Uppsala
46%
2,000,000 Valencia
46%
1,030,000 Kirkuk
45%
8,900,000 Kuala Lumpur
45%
6,550,000 Madrid
45%
536,438 Poznan
45%
841,130 Arequipa
44%
Dallas-Fort Worth Suburbs 396,394 Arlington
44%
1,270,000 Fes
44%
2,275,000 Hyderabad
44%
17,700,000 Los Angeles
44%
232,555 Messina
44%
286,143 Plano
44%
438,726 Sochi
44%
995,000 Utrecht
43%
3,750,000 Caracas
42%
210,316 Aalborg
41%
1,530,000 Manama
41%
Great Basin 250,998 Reno
41%
200,544 Salt Lake City
41%
352,005 Anaheim
40%
2,750,000 Fukuoka
40%
3,525,000 Kampala
40%
Los Angeles Suburbs 467,354 Long Beach
40%
2,500,000 Sapporo
40%
6,100,000 Surabaya
40%
153,465 Springfield
39%
364,628 Bochum
38%
149,157 Klaipeda
38%
769,050 Mississauga
38%
1,164,815 Omsk
38%
2,350,000 Port Harcourt
38%
319,279 Timisoara
38%
5,000,000 Cologne / Dusseldorf
36%
2,500,000 Dammam
35%
198,972 Odense
35%
416,442 Arusha
33%
896,000 Asmara
33%
142,474 Bridgeport
33%
1,500,000 Calgary
33%
2,468,222 Daegu
33%
201,432 Debrecen
33%
1,370,000 Edmonton
33%
289,731 Espoo
33%
3,150,000 Guayaquil
33%
272,806 Herat
33%
2,350,000 Port Harcourt
33%
747,450 Trujillo
33%
184,559 Worcester
33%
501,459 Zanzibar
33%
498,590 Duisburg
31%
260,654 Gelsenkirchen
31%
290,422 Iasi
31%
8,150,000 Luanda
31%
Siberia 1,618,039 Novosibirsk
31%
264,943 Oruro
31%
Manchuria 8,000,000 Shenyang
31%
1,660,000 Yekaterinburg
31%
1,585,704 Agra
30%
2,200,000 Lubumbashi
30%
519,531 Porto Velho
30%
5,600,000 Amman
29%
8,202,000 Ningbo
29%
2,350,000 Saint Louis
29%
144,730 Cairns
27%
282,572 Irvine
27%
2,675,000 Lusaka
27%
Sumatra 2,109,339 Medan
27%
1,400,000 Mosul
27%
706,453 Mwanza
27%
1,452,840 Palembang
27%
332,725 Santa Ana
27%
550,753 Santiago de los Caballeros
27%
243,337 Sunshine Coast
27%
6,600,000 Surat
27%
168,729 Townsville
27%
166,000 Batumi
26%
247,235 Chemnitz
25%
203,100 Hamilton
25%
100,323 Lethbridge
25%
2,075,000 Mbuji-Mayi
25%
1,090,000 Mendoza
25%
134,920 Newport
25%
143,574 Stavanger
25%
61,420 Wrexham
25%
253,100 Campeche
24%
117,335 Provo
24%
309,832 Antofagasta
23%
696,975 Brampton
23%
124,677 Derbent
23%
846,880 El Alto
23%
1,420,000 Maracay
23%
297,600 Sumqayit
23%
577,375 Chiclayo
22%
234,943 Garland
22%
193,837 Grand Prairie
22%
240,373 Irving
22%
23,000,000 Mexico City
22%
617,788 Samsun
22%
1,260,000 Bucaramanga
21%
841,000 Hai Phong
21%
375,374 Boa Vista
20%
2,768,057 Kanpur
20%
17,700,000 Los Angeles
20%
493,634 Macapa
20%
385,279 Mbeya
20%
401,155 Rio Branco
20%
1,940,000 Yogyakarta
20%
1,090,000 Erbil
18%
231,798 Novi Sad
18%
483,186 Mykolaiv
17%
142,873 Pecs
17%
160,766 Szeged
17%
141,600 Tauranga
17%
233,775 Vantaa
17%
804,000 Can Tho
16%
1,300,000 Barquisimeto
15%
7,402,305 Dongguan
15%
1,230,000 Kananga
15%
1,096,086 Krasnoyarsk
15%
2,325,000 Toluca
15%
127,799 Vasteras
15%
10,721,700 Suzhou
14%
303,282 Mazar-e-Sharif
13%
77,310 Paisley
13%
106,024 Red Deer
13%
1,020,000 San Miguel de Tucuman
13%
196,800 Ciudad del Carmen
12%
115,748 Esbjerg
12%
221,200 Playa del Carmen
12%
1,190,000 Agadir
11%
813,264 Callao
11%
42,984 Nagqu
11%
35,179 Nyingchi
11%
1,305,429 Meerut
10%
328,400 Ganja
9%
3,700,000 Changchun
8%
1,620,000 Daqing
8%
7,313,711 Foshan
8%
510,417 Puente Alto
8%
1,036,144 Shymkent
8%
294,551 Vina del Mar
8%
741,000 Hargeisa
7%
200,331 Jalalabad
7%
5,509 Sisimiut
7%
113,905 West Jordan
6%
136,170 West Valley City
6%
3,212 Aasiaat
0%
74,591 Airdrie
0%
2,625,000 Anshan
0%
127,731 Bærum
0%
879,851 Bandar Lampung
0%
696,735 Barnaul
0%
57,420 Barry
0%
1,153,860 Batam
0%
248,292 Braunschweig
0%
232,755 Burnaby
0%
249,432 Galati
0%
1,648,643 Ghaziabad
0%
4,554 Ilulissat
0%
601,286 Machackala
0%
499,000 Merca
0%
154,521 Miskolc
0%
903,902 Pekanbaru
0%
44,028 Qamdo
0%
3,012 Qaqortoq
0%
210,089 Santa Clarita
0%
2,250,000 Semarang
0%
63,967 Shigatse
0%
517,887 Surrey
0%
788,666 Tyumen
0%
No matching quizzes found
Score Distribution
Percent of People with Each Score
Percentile by Number Answered
Your Score History
You have not taken this quiz